Music Quiz

Random Music or Song Quiz
Score 0/38 Timer 06:00
2 Plays Today
Song Title Missing Third % Correct
When a ___ Loves a ___When a Man Loves a Woman
94.8%
Hit ___ with Your ___ ShotHit Me with Your Best Shot
84%
Lucy in the ___ with ___Lucy in the Sky with Diamonds
80.6%
___! In the ___ of LoveStop! In the Name of Love
78.6%
The ___ Are Back in ___The Boys Are Back in Town
78.4%
I Want ___ to Want ___I Want You to Want Me
77.1%
Breaking ___ Is ___ to DoBreaking Up Is Hard to Do
73.5%
Killing Me ___ with His ___Killing Me Softly with His Song
73.5%
The Devil ___ Down to ___The Devil Went Down to Georgia
70.2%
I ___ My ___ in San FranciscoI Left My Heart in San Francisco
68.4%
I ___ It Through the ___I Heard It Through the Grapevine
68.3%
___ Just Want to Have ___Girls Just Want to Have Fun
66.9%
Sweet ___ (Are ___ of This)Sweet Dreams (Are Made of This)
66.8%
___ the Last ___ for MeSave the Last Dance for Me
65.1%
___ the Still of the ___In the Still of the Night
63.1%
That's the ___ (I ___ It)That's the Way (I Like It)
62.5%
You ___ Me All ___ LongYou Shook Me All Night Long
61.1%
Don't ___ 'Til You Get ___Don't Stop 'Til You Get Enough
60.9%
___ Do ___ Fall in Love?Why Do Fools Fall in Love?
59%
Song Title Missing Third % Correct
Have You ___ ___ the RainHave You Ever Seen the Rain
57%
___ Lot of Shakin' ___ OnWhole Lot of Shakin' Going On
56.4%
____'s Got a ___ New BagPapa's Got a Brand New Bag
54.5%
___ Out of ___ Ain't BadTwo Out of Three Ain't Bad
51.8%
He Ain't ___, He's My ___He Ain't Heavy, He's My Brother
49.9%
The First ___ Is the ___The First Cut Is the Deepest
46.3%
I Want to ___ Your ___I Want to Hold Your Hand
45.5%
___ Wants to Rule the _____Everybody Wants to Rule the World
45.4%
___, 1963 (Oh, ___ a Night)December, 1963 (Oh, What a Night)
44%
The ___ of the ___ SunThe House of the Rising Sun
43.2%
You Dropped a ___ on ___You Dropped a Bomb on Me
41.8%
Bang a ___ (___ It On)Bang a Gong (Get It On)
40%
___ Line ___ Love and HateThin Line Between Love and Hate
39.5%
Don't ___ So ___ to MeDon't Stand So Close to Me
33.6%
Ain't Nothin' ___ the ___ ThingAin't Nothin' Like the Real Thing
33%
(___ Is Like a) ___ Wave(Love Is Like a) Heat Wave
23.5%
I Got ___ (I Feel ___)I Got You (I Feel Good)
22.6%
I'd ___ to Change the ___I'd Love to Change the World
22.1%
The ___ of the ___ FitzgeraldThe Wreck of the Edmund Fitzgerald
21.9%
Remove Ads.
Support Sporcle.
Get the best of Sporcle when you Go Orange. This ad-free experience offers more features, more stats, and more fun while also helping to support Sporcle. Thank you for becoming a member.

You're not logged in!

Compare scores with friends on all Sporcle quizzes.
OR
Log In

Show Comments

Extras

Top Quizzes Today


Score Distribution

Your Account Isn't Verified!

In order to create a playlist on Sporcle, you need to verify the email address you used during registration. Go to your Sporcle Settings to finish the process.

Report this User

Report this user for behavior that violates our Community Guidelines.

Details: